000 01360nam a2200313 i 4500
001 179751
003 ES-MaACL
005 20260216122538.0
008 120118s2011 sp aco c |||| | spa d
020 _a978-84-938347-2-2
080 _a77(05)(460.27 M.)(060.64)
080 _a77(460)"19"(060.64)
245 0 0 _aSombras :
_brevista fotográfica española, 1944-1954 /
_c[texto], Mónica Carabias Álvaro.
260 _a[Beniparrell, Valencia] :
_bPentagraf,
_c[2011]
300 _a310 p. :
_bprincipalmente fot. ;
_c22 cm.
500 _aÍndice onomástico.
530 _aDisponible en formato digital la Guía de la Exposición.
585 _aPubl. con motivo de la exposición del mismo título, celebrada en el Museo de la Ciudad, del 23 de febrero al 22 de mayo de 2011.
630 0 4 _aSombras (Madrid)-
_vExposiciones.
_9149108
650 4 _aFotografía-
_zEspaña-
_yS.XX-
_vExposiciones.
_9173401
655 7 _2tgfbne
_9193628
_aCatálogos de exposiciones
700 1 _aCarabias Álvaro, Mónica.
_9142765
710 2 _aMuseo de la Ciudad (Madrid)
_9149107
852 _aES-MaACL
_9186651
_bR.146892
_jA-11894
_dOlim: N-4899
_cDEPO1
856 4 _uhttps://www.memoriademadrid.es/view/444924
_zMemoria de Madrid
_y(Guía de la Exposición)
942 _2udc
_cMONOGRAFIA
999 _c179751
_d179751